书目信息 |
| 题名: |
气候变化适应型城市入门指南
|
|
| 作者: | Prasad-Federica 著 ;金鹏辉 译 | |
| 分册: | ||
| 出版信息: | 北京 中国金融出版社 2009.10 |
|
| 页数: | 23,155页 | |
| 开本: | 28cm | |
| 丛书名: | ||
| 单 册: | ||
| 中图分类: | X4 | |
| 科图分类: | ||
| 主题词: | 气候变化--气候影响--城市环境--研究--世界 , 城市灾害学--风险管理--研究--世界 , 气候变化 , 气候影响 , 城市环境 , 城市灾害学 , 风险管理 | |
| 电子资源: | ||
| ISBN: | 978-7-5049-5196-0 | |
| 000 | 01237nam0 2200337 450 | |
| 001 | 010070000784 | |
| 005 | 20130701094756.21 | |
| 010 | @a978-7-5049-5196-0@dCNY80.00(含光盘) | |
| 100 | @a20091225d2009 em y0chiy0110 ea | |
| 101 | 1 | @achi@ceng |
| 102 | @aCN@b110000 | |
| 105 | @aabk z 001yy | |
| 106 | @ar | |
| 200 | 1 | @a气候变化适应型城市入门指南@9qi hou bian hua shi ying xing cheng shi ru men zhi nan@fNeeraj Prasad-Federica[等]著@g金鹏辉[等]译 |
| 210 | @a北京@c中国金融出版社@d2009.10 | |
| 215 | @a23,155页@c图,地图@d28cm@e1光盘 | |
| 304 | @a著者还有:Ranghieri-Fatima Shah,Zoe Trohanis-Earl,Kessler-Ravi Sinha 译者还有:方晓,张晓莹,杨冠一 | |
| 320 | @a有索引 | |
| 330 | @a本书内容包括:气候变化及城市灾难风险管理;对气候变化的影响和灾难风险管理的阐释;实施评估:发现一个“热点”;信息测试:创建一个城市信息库等。 | |
| 606 | 0 | @a气候变化@x气候影响@x城市环境@x研究@y世界 |
| 606 | 0 | @a城市灾害学@x风险管理@x研究@y世界 |
| 606 | 0 | @a气候变化 |
| 606 | 0 | @a气候影响 |
| 606 | 0 | @a城市环境 |
| 606 | 0 | @a城市灾害学 |
| 606 | 0 | @a风险管理 |
| 690 | @aX4@v4 | |
| 701 | 1 | @aPrasad-Federica@bNeeraj@4著 |
| 702 | 0 | @a金鹏辉@9jin peng hui@4译 |
| 801 | 0 | @aCN@bRENTIAN@c20091225 |
| 905 | @b546014-18@dX4@e122@f5 | |
| 气候变化适应型城市入门指南/Neeraj Prasad-Federica[等]著/金鹏辉[等]译.-北京:中国金融出版社,2009.10 |
| 23,155页:图,地图;28cm+1光盘 |
| ISBN 978-7-5049-5196-0:CNY80.00(含光盘) |
| 本书内容包括:气候变化及城市灾难风险管理;对气候变化的影响和灾难风险管理的阐释;实施评估:发现一个“热点”;信息测试:创建一个城市信息库等。 |
| ● |
| 相关链接 |
|
|
|
|
正题名:气候变化适应型城市入门指南
索取号:X4/122
 
预约/预借
| 序号 | 登录号 | 条形码 | 馆藏地/架位号 | 状态 | 备注 |
| 1 | 546014 | 205460142 | 第二样本阅览室/ [索取号:X4/122] | 在馆 | |
| 2 | 546015 | 205460151 | 资源管理系资料室/ [索取号:X4/122] | 在馆 | |
| 3 | 546016 | 205460160 | 第三借阅区/ [索取号:X4/122] | 在馆 | |
| 4 | 546017 | 205460179 | 第三借阅区/ [索取号:X4/122] | 在馆 | |
| 5 | 546018 | 205460188 | 第三借阅区/ [索取号:X4/122] | 在馆 |